000 00322nam a2200121Ia 4500
008 220216s9999 xx 000 0 und d
100 _aMajumdar Samir
245 0 _aRole of air pressure in pneumatic tyre
260 _bThe Rubber International Magazine
_c2013
300 _a39-44
650 _aPneumatic tyre
942 _cJS
999 _c67150
_d67150